| 000 | 01410nam a2200349 i 4500 | ||
|---|---|---|---|
| 001 | 000020963 | ||
| 003 | DO-SdBNP | ||
| 005 | 20250320101102.0 | ||
| 007 | ta | ||
| 008 | 100825t2022 dr acf r 001 p spa d | ||
| 020 | _a9789945929232 | ||
| 040 | 4 |
_aDO-SdBNP _bspa _cBNPHU _erda |
|
| 082 | 4 |
_a303.484097293 _bV156m _222 |
|
| 100 | 1 |
_aMir, Pedro, _d1913-2000 _97245 |
|
| 245 | 1 | 0 |
_aLos movimientos sociales dominicanos en el siglo XXI / _cJulio César Valentín Jiminian ; prólogo, Dr. Leopoldo Artiles Gil. |
| 264 |
_aSanto Domingo : _bAlfa y Omega, _c2022. |
||
| 300 |
_a323 páginas ; _c24 cm. |
||
| 336 |
_2rdacontent _atexto _btxt |
||
| 337 |
_2rdamedia _asin mediación _bn |
||
| 338 |
_2rdacarrier _avolumen _bnc |
||
| 500 | _aIncluye datos biográficos de la autora en la solapa de la cubierta. | ||
| 500 | _aIncluye referencias bibliográficas y notas al pie de las páginas | ||
| 590 | _aInventariado, 2022 / DG | ||
| 650 | 0 |
_aMovimientos sociales _zRepública Dominicana _ySiglo XXI _923226 _2LEMB |
|
| 650 | 4 |
_aCorrupción _zRepública Dominicana _ySiglo XXI _983465 |
|
| 650 | 4 |
_aEducación _zRepública Dominicana _ySiglo XXI _983466 |
|
| 650 | 4 |
_aMedio ambiente _zRepública Dominicana _ySiglo XXI _983467 |
|
| 651 | 4 |
_aRepública Dominicana _xAspectos sociales _ySiglo XXI _983468 |
|
| 700 |
_aArtiles Gil, Leopoldo, _eprólogo _911876 |
||
| 910 | _aDG. Validado, 2023/MFF | ||
| 942 |
_2ddc _cLBS1 |
||
| 999 |
_c52588 _d52588 |
||